| 000 | 00711nam a2200241 i 4500 | ||
|---|---|---|---|
| 001 | 128482 | ||
| 003 | ES-MaACL | ||
| 005 | 20230906193309.0 | ||
| 007 | t| | ||
| 008 | 070514s1986 sp ||||1| spa d | ||
| 020 | _a84-339-3077-X | ||
| 080 | _a85-34"19" | ||
| 080 | _a85(Tabucchi, A.7J.03=6) | ||
| 100 | 1 |
_aTabucchi, Antonio. _9109042 |
|
| 245 | 1 | 3 |
_aEl juego del revés / _cAntonio Tabucchi ; traducción de Carmen Artal. |
| 260 |
_aBarcelona : _bAnagrama, _c1986. |
||
| 300 |
_a152 p. ; _c20 cm. |
||
| 490 | 1 |
_aPanorama de narrativas ; _v77 |
|
| 700 | 1 |
_aArtal, Carmen. _923417 |
|
| 830 | 0 | 0 |
_aPanorama de narrativas _v77 _9123642 |
| 852 |
_aES-MaACL _jL-11150 _bR.112375 |
||
| 999 |
_c128482 _d128482 |
||